[Event "22nd ETCC Women 2019"]
[Site "Batumi"]
[Date "2019.10.24"]
[Round "1.34"]
[White "Khukhashvili, Sopiko"]
[Black "Janzelj, Lara"]
[Result "1-0"]
[WhiteElo "2341"]
[BlackElo "2159"]
[Annotator "NA"]
[PlyCount "127"]
[EventDate "2019.10.24"]
[EventType "team-tourn"]
[EventCountry "GEO"]
[SourceTitle "playchess.com"]
[Source "ChessBase"]
[SourceQuality "1"]
[WhiteTeam "Georgia"]
[BlackTeam "Slovenia"]
[WhiteTeamCountry "GEO"]
[BlackTeamCountry "SLO"]
[TimeControl "40/5400+30:1800+30"]

1. e4 {[%emt 0:00:00]} e5 {[%emt 0:00:00]} 2. Nf3 {[%emt 0:00:00]} Nc6 {[%emt 0:00:00]} 3. d4 {[%emt 0:00:04]} exd4 {[%emt 0:00:00]} 4. Nxd4 {[%emt 0:00:02]} Nf6 {[%emt 0:00:38]} 5. Nxc6 {[%emt 0:00:20]} bxc6 {[%emt 0:00:04]} 6. e5 {[%emt 0:00:04]} Qe7 {[%emt 0:00:03]} 7. Qe2 {[%emt 0:00:04]} Nd5 {[%emt 0:00:04]} 8. c4 {[%emt 0:00:04]} Nb6 {[%emt 0:00:31]} 9. Nc3 {[%emt 0:00:14]} Bb7 {[%emt 0:00:45]} 10. Bd2 {[%emt 0:00:34]} Qe6 {[%emt 0:05:10]} 11. f4 {[%emt 0:03:33]} O-O-O {[%emt 0:11:03]} 12. O-O-O $11 {[%emt 0:01:10]} Ba6 {[%emt 0:15:47]} 13. Qe4 {[%emt 0:05:59]} f5 {[%emt 0:04:25]} 14. exf6 {[%emt 0:00:50]} Bxc4 {[%emt 0:00:31]} 15. Bxc4 {[%emt 0:09:58]} Qxc4 {[%emt 0:00:06]} 16. b3 {[%emt 0:04:07]} Qf7 {[%emt 0:03:06]} 17. fxg7 {[%emt 0:06:24]} Bxg7 {[%emt 0:01:09]} 18. Qd3 {[%emt 0:02:21]} Kb7 {[%emt 0:05:52]} 19. g4 {[%emt 0:03:01]} d5 {[%emt 0:05:23]} 20. f5 {[%emt 0:01:44]} Qe7 {[%emt 0:03:20]} 21. g5 {[%emt 0:03:37]} Qa3+ {[%emt 0:02:34]} 22. Kb1 {[%emt 0:00:10]} Be5 {[%emt 0:04:02]} 23. Rde1 {[%emt 0:00:17]} Nd7 {[%emt 0:03:40]} 24. Na4 {[%emt 0:03:58]} Rhe8 {[%emt 0:02:51]} 25. f6 {[%emt 0:01:44]} Nb6 {[%emt 0:02:01]} 26. Bc1 {[%emt 0:03:40]} Qd6 {[%emt 0:00:52]} 27. Nxb6 {[%emt 0:01:37]} axb6 {[%emt 0:00:04]} 28. f7 {[%emt 0:05:05]} Rf8 {[%emt 0:03:20]} 29. Qxh7 {[%emt 0:02:15]} Ra8 {[%emt 0:05:30]} 30. Qf5 {[%emt 0:05:32]} Bh8 {[%emt 0:00:05]} 31. Re2 {[%emt 0:03:07]} d4 {[%emt 0:01:12]} 32. g6 {[%emt 0:03:54]} d3 {[%emt 0:01:14]} 33. Rd2 {[%emt 0:00:02]} Ra5 {[%emt 0:00:27]} 34. Qxd3 {[%emt 0:03:40]} Rd5 {[%emt 0:01:17]} 35. Qc2 {[%emt 0:00:10]} Rxd2 {[%emt 0:01:20]} 36. Bxd2 {[%emt 0:00:03]} Qf6 {[%emt 0:02:14]} 37. Bc3 {[%emt 0:13:17]} Qxc3 {[%emt 0:00:03]} 38. Qxc3 {[%emt 0:00:04]} Bxc3 {[%emt 0:00:03]} 39. h4 {[%emt 0:00:25]} Bg7 {[%emt 0:00:19]} 40. h5 {[%emt 0:00:00]} Rh8 {[%emt 0:00:00]} 41. Kc2 {[%emt 0:00:49]} Kc8 {[%emt 0:01:54]} 42. a4 {[%emt 0:01:11]} c5 {[%emt 0:05:27]} 43. Kd3 {[%emt 0:00:36]} Kd7 {[%emt 0:00:05]} 44. Ke4 {[%emt 0:00:13]} Ke6 {[%emt 0:00:28]} 45. Kf4 {[%emt 0:00:14]} Bh6+ {[%emt 0:10:52]} 46. Kg4 {[%emt 0:00:04]} Rf8 {[%emt 0:01:00]} 47. Re1+ {[%emt 0:00:56]} Kf6 {[%emt 0:00:05]} 48. Re2 {[%emt 0:00:26]} Rh8 {[%emt 0:04:10]} 49. Rf2+ {[%emt 0:00:26]} Ke6 {[%emt 0:00:35]} 50. Re2+ {[%emt 0:00:59]} Kf6 {[%emt 0:00:07]} 51. Rc2 {[%emt 0:00:05]} Rd8 {[%emt 0:09:35]} 52. Rf2+ {[%emt 0:00:21]} Kg7 {[%emt 0:00:10]} 53. Re2 {[%emt 0:03:58]} Rd4+ {[%emt 0:05:12]} 54. Kf3 {[%emt 0:04:12]} Rd3+ {[%emt 0:09:38]} 55. Kf2 {[%emt 0:04:33]} Rd2 {[%emt 0:02:30]} 56. Rxd2 {[%emt 0:00:02]} Bxd2 {[%emt 0:00:02]} 57. Kf3 {[%emt 0:00:06]} c6 {[%emt 0:02:06]} 58. Ke4 {[%emt 0:00:14]} Bc3 {[%emt 0:01:40]} 59. Kf5 {[%emt 0:02:10]} b5 {[%emt 0:01:19]} 60. Ke6 {[%emt 0:00:47]} c4 {[%emt 0:00:47]} 61. h6+ {[%emt 0:00:27]} Kf8 {[%emt 0:00:13]} 62. g7+ {[%emt 0:00:14]} Bxg7 {[%emt 0:00:03]} 63. hxg7+ {[%emt 0:00:04]} Kxg7 {[%emt 0:00:03]} 64. Ke7 {[%emt 0:00:05]} 1-0

[Event "22nd ETCC Women 2019"]
[Site "Batumi"]
[Date "2019.10.24"]
[Round "1.35"]
[White "Hrescak, Ivana"]
[Black "Gvetadze, Sofio"]
[Result "0-1"]
[WhiteElo "2226"]
[BlackElo "2297"]
[Annotator "NA"]
[PlyCount "120"]
[EventDate "2019.10.24"]
[EventType "team-tourn"]
[EventCountry "GEO"]
[SourceTitle "playchess.com"]
[Source "ChessBase"]
[SourceQuality "1"]
[WhiteTeam "Slovenia"]
[BlackTeam "Georgia"]
[WhiteTeamCountry "SLO"]
[BlackTeamCountry "GEO"]
[TimeControl "40/5400+30:1800+30"]

1. d4 {[%emt 0:00:00]} Nf6 {[%emt 0:00:00]} 2. c4 {[%emt 0:00:00]} e6 {[%emt 0:00:00]} 3. Nc3 {[%emt 0:00:00]} Bb4 {[%emt 0:00:05]} 4. e3 {[%emt 0:00:00]} O-O {[%emt 0:00:14]} 5. Bd3 {[%emt 0:00:01]} c5 {[%emt 0:00:42]} 6. Nge2 {[%emt 0:00:53]} cxd4 {[%emt 0:00:40] Pin} 7. exd4 {[%emt 0:00:11]} d5 {[%emt 0:00:19]} 8. cxd5 {[%emt 0:01:13]} Nxd5 $11 {[%emt 0:00:48]} 9. O-O {[%emt 0:01:32]} Nc6 {[%emt 0:01:30]} 10. a3 {[%emt 0:01:49]} Be7 {[%emt 0:00:39]} 11. Qc2 {[%emt 0:05:39]} g6 {[%emt 0:19:42]} 12. Bh6 {[%emt 0:10:46]} Re8 {[%emt 0:00:12]} 13. Rad1 {[%emt 0:00:42]} Bf6 {[%emt 0:05:41]} 14. Be4 {[%emt 0:04:19]} Nce7 {[%emt 0:11:18]} 15. Rd3 {[%emt 0:07:14]} Bd7 {[%emt 0:04:09]} 16. b4 {[%emt 0:08:14]} a6 {[%emt 0:04:47]} 17. Rfd1 {[%emt 0:04:48]} Bc6 {[%emt 0:02:43]} 18. Qd2 {[%emt 0:04:10]} Rc8 {[%emt 0:09:31]} 19. Rh3 {[%emt 0:08:53]} Nf5 {[%emt 0:04:11]} 20. Bxf5 {[%emt 0:18:28]} exf5 {[%emt 0:00:27]} 21. Rd3 {[%emt 0:05:56]} Qd7 {[%emt 0:11:46]} 22. Bg5 {[%emt 0:03:39]} Bg7 {[%emt 0:02:27]} 23. Bf4 {[%emt 0:00:50]} Qe6 {[%emt 0:06:21]} 24. Bg3 {[%emt 0:02:14]} Nxc3 {[%emt 0:07:35]} 25. Nxc3 {[%emt 0:00:06]} Qc4 {[%emt 0:00:06]} 26. f3 {[%emt 0:05:41]} Bd5 {[%emt 0:04:32]} 27. Be5 {[%emt 0:02:04]} Qc6 {[%emt 0:01:37]} 28. Nxd5 {[%emt 0:01:32]} Qxd5 {[%emt 0:00:02]} 29. Re1 {[%emt 0:01:24]} Red8 {[%emt 0:01:25]} 30. Bxg7 {[%emt 0:01:39]} Kxg7 {[%emt 0:00:02]} 31. Re5 {[%emt 0:00:18]} Qd6 {[%emt 0:00:09]} 32. Rc5 {[%emt 0:00:44]} Rxc5 {[%emt 0:00:41]} 33. bxc5 {[%emt 0:00:06]} Qd5 {[%emt 0:00:14]} 34. Qe3 {[%emt 0:00:56]} Rd7 {[%emt 0:00:55]} 35. Rd2 {[%emt 0:00:21]} Qe6 {[%emt 0:00:28]} 36. Kf2 {[%emt 0:00:42]} Qd5 {[%emt 0:01:09]} 37. Rd3 {[%emt 0:00:43]} Qe6 {[%emt 0:00:34]} 38. Qd2 {[%emt 0:00:34]} Qd5 {[%emt 0:00:28]} 39. Qe2 {[%emt 0:00:36]} Kf8 {[%emt 0:00:22]} 40. Qe3 {[%emt 0:00:00]} Re7 {[%emt 0:00:00]} 41. Qd2 {[%emt 0:03:54]} Qc4 {[%emt 0:09:12]} 42. Qc3 {[%emt 0:06:36]} Qa2+ {[%emt 0:02:11]} 43. Rd2 {[%emt 0:01:32]} Qd5 {[%emt 0:03:19]} 44. Rb2 {[%emt 0:01:40]} h5 {[%emt 0:09:19]} 45. Rb6 {[%emt 0:05:11]} h4 {[%emt 0:02:51]} 46. Qd2 {[%emt 0:04:06]} Kg7 {[%emt 0:00:23]} 47. Rd6 {[%emt 0:02:00]} Qc4 {[%emt 0:00:30]} 48. Qb2 {[%emt 0:01:19]} Kh7 {[%emt 0:00:34]} 49. Qd2 {[%emt 0:03:04]} Qb3 {[%emt 0:04:15]} 50. Rd8 {[%emt 0:02:34]} Qxa3 {[%emt 0:00:19]} 51. Rc8 {[%emt 0:01:39]} f4 {[%emt 0:00:36]} 52. d5 {[%emt 0:00:45]} Re3 {[%emt 0:00:26]} 53. d6 {[%emt 0:00:43]} Rd3 {[%emt 0:00:29]} 54. Qe2 {[%emt 0:00:58]} Qc3 {[%emt 0:00:27]} 55. Re8 {[%emt 0:01:43]} Qxc5+ {[%emt 0:01:37]} 56. Kf1 {[%emt 0:00:10]} Qc1+ {[%emt 0:00:16]} 57. Kf2 {[%emt 0:00:13]} Rd2 {[%emt 0:00:37]} 58. d7 {[%emt 0:00:33]} Qc5+ {[%emt 0:00:34]} 59. Kf1 {[%emt 0:00:29]} Rxe2 {[%emt 0:01:03]} 60. Rh8+ {[%emt 0:00:44]} Kg7 {[%emt 0:00:06]} 0-1

[Event "22nd ETCC Women 2019"]
[Site "Batumi"]
[Date "2019.10.24"]
[Round "1.36"]
[White "Mikadze, Miranda"]
[Black "Rozman, Monika"]
[Result "1-0"]
[WhiteElo "2279"]
[BlackElo "2122"]
[Annotator "NA"]
[PlyCount "133"]
[EventDate "2019.10.24"]
[EventType "team-tourn"]
[EventCountry "GEO"]
[SourceTitle "playchess.com"]
[Source "ChessBase"]
[SourceQuality "1"]
[WhiteTeam "Georgia"]
[BlackTeam "Slovenia"]
[WhiteTeamCountry "GEO"]
[BlackTeamCountry "SLO"]
[TimeControl "40/5400+30:1800+30"]

1. e4 {[%emt 0:00:00]} e5 {[%emt 0:00:00]} 2. Nf3 {[%emt 0:00:00]} Nc6 {[%emt 0:00:00]} 3. Bb5 {[%emt 0:00:00]} a6 {[%emt 0:00:00]} 4. Ba4 {[%emt 0:00:00]} Nf6 {[%emt 0:00:00]} 5. d3 {[%emt 0:00:12]} d6 {[%emt 0:01:20]} 6. O-O {[%emt 0:00:12]} g6 {[%emt 0:01:39]} 7. c4 {[%emt 0:05:40]} Bd7 {[%emt 0:05:19]} 8. Nc3 {[%emt 0:01:25]} Bg7 {[%emt 0:00:42]} 9. h3 {[%emt 0:04:08]} O-O {[%emt 0:01:42]} 10. Bg5 $11 {[%emt 0:00:50]} h6 {[%emt 0:04:47]} 11. Be3 {[%emt 0:01:20]} Kh7 {[%emt 0:02:11]} 12. Re1 {[%emt 0:10:14]} Ne7 {[%emt 0:04:00]} 13. d4 {[%emt 0:04:26]} Bxa4 {[%emt 0:03:21]} 14. Qxa4 {[%emt 0:00:21]} exd4 {[%emt 0:02:07]} 15. Nxd4 {[%emt 0:01:14]} Nd7 {[%emt 0:01:29]} 16. Qc2 {[%emt 0:02:51]} Ne5 {[%emt 0:03:59]} 17. b3 {[%emt 0:00:36]} Qd7 {[%emt 0:05:17]} 18. Rad1 {[%emt 0:01:14]} Rae8 {[%emt 0:15:15]} 19. Nde2 {[%emt 0:07:12]} N5c6 {[%emt 0:05:34]} 20. c5 {[%emt 0:03:58]} f5 {[%emt 0:07:03]} 21. cxd6 {[%emt 0:00:51]} cxd6 {[%emt 0:00:13]} 22. Bf4 {[%emt 0:09:38]} fxe4 {[%emt 0:04:45]} 23. Bxd6 {[%emt 0:04:26]} Qf5 {[%emt 0:07:15]} 24. Nxe4 {[%emt 0:04:28]} Rc8 {[%emt 0:03:45]} 25. N2g3 {[%emt 0:02:19]} Qa5 {[%emt 0:01:10]} 26. Qd2 {[%emt 0:04:50]} Qxd2 {[%emt 0:00:39]} 27. Rxd2 {[%emt 0:00:44]} Rfe8 {[%emt 0:03:33]} 28. Rde2 {[%emt 0:09:37]} Nd4 {[%emt 0:02:15]} 29. Ng5+ {[%emt 0:01:08]} hxg5 {[%emt 0:00:22]} 30. Rxe7 {[%emt 0:00:07]} Rg8 {[%emt 0:02:22]} 31. Rxb7 {[%emt 0:02:03]} Nf5 {[%emt 0:01:23]} 32. Nxf5 {[%emt 0:04:22]} gxf5 {[%emt 0:00:06]} 33. Ree7 {[%emt 0:01:12]} Kg6 {[%emt 0:00:32]} 34. g4 {[%emt 0:00:16]} Rc6 {[%emt 0:02:59]} 35. gxf5+ {[%emt 0:06:22]} Kxf5 {[%emt 0:00:11]} 36. Rxg7 {[%emt 0:01:07]} Rxg7 {[%emt 0:00:09]} 37. Rxg7 {[%emt 0:00:04]} Rxd6 {[%emt 0:00:04]} 38. Kg2 {[%emt 0:00:29]} Rb6 {[%emt 0:07:48]} 39. Rc7 {[%emt 0:00:25]} Kf4 {[%emt 0:02:02]} 40. Rc4+ {[%emt 0:00:00]} Kf5 {[%emt 0:00:00]} 41. Kg3 {[%emt 0:03:18]} Rd6 {[%emt 0:06:04]} 42. Rc5+ {[%emt 0:04:23]} Kg6 {[%emt 0:01:21]} 43. Ra5 {[%emt 0:00:54]} Rf6 {[%emt 0:03:07]} 44. Ra4 {[%emt 0:01:06]} Rd6 {[%emt 0:03:57]} 45. h4 {[%emt 0:01:15]} gxh4+ {[%emt 0:00:19]} 46. Rxh4 {[%emt 0:01:11]} Kf5 {[%emt 0:00:25]} 47. Ra4 {[%emt 0:01:13]} Rc6 {[%emt 0:01:12]} 48. Kf3 {[%emt 0:00:28]} Ke5 {[%emt 0:00:34]} 49. Ke3 {[%emt 0:00:13]} Kd5 {[%emt 0:02:24]} 50. Kd3 {[%emt 0:00:38]} Ke5 {[%emt 0:00:20]} 51. Re4+ {[%emt 0:01:00]} Kf5 {[%emt 0:00:27]} 52. Rc4 {[%emt 0:00:42]} Rb6 {[%emt 0:00:20]} 53. Kc3 {[%emt 0:00:24]} Ke5 {[%emt 0:00:10]} 54. f4+ {[%emt 0:03:21]} Kf5 {[%emt 0:00:26]} 55. Kd4 {[%emt 0:03:15]} Ke6 {[%emt 0:04:19]} 56. Rc5 {[%emt 0:03:16]} Kd6 {[%emt 0:02:15]} 57. Rd5+ {[%emt 0:02:23]} Kc6 {[%emt 0:01:47]} 58. Ke5 {[%emt 0:00:47]} Rb8 {[%emt 0:00:25]} 59. Rd6+ {[%emt 0:00:16]} Kb5 {[%emt 0:00:25]} 60. f5 {[%emt 0:00:36]} a5 {[%emt 0:00:09]} 61. f6 {[%emt 0:00:28]} Kb4 {[%emt 0:00:25]} 62. Rd4+ {[%emt 0:01:15]} Kc5 {[%emt 0:00:56]} 63. Rc4+ {[%emt 0:00:06]} Kb5 {[%emt 0:00:12]} 64. f7 {[%emt 0:00:23]} Ka6 {[%emt 0:00:36]} 65. Rf4 {[%emt 0:01:12]} Rf8 {[%emt 0:00:34]} 66. Ke6 {[%emt 0:00:07]} a4 {[%emt 0:00:05]} 67. Ke7 {[%emt 0:01:40]} 1-0

[Event "22nd ETCC Women 2019"]
[Site "Batumi"]
[Date "2019.10.25"]
[Round "2.1"]
[White "Goryachkina, Aleksandra"]
[Black "Batsiashvili, Nino"]
[Result "1-0"]
[WhiteElo "2575"]
[BlackElo "2422"]
[Annotator "ChessBase"]
[PlyCount "73"]
[EventDate "2019.10.24"]
[EventType "team-tourn"]
[EventCountry "GEO"]
[SourceTitle "playchess.com"]
[Source "ChessBase"]
[SourceQuality "1"]
[WhiteTeam "Russia"]
[BlackTeam "Georgia"]
[WhiteTeamCountry "RUS"]
[BlackTeamCountry "GEO"]
[TimeControl "40/5400+30:1800+30"]

1. Nf3 {[%emt 0:00:00]} Nf6 {[%emt 0:00:43]} 2. c4 {[%emt 0:00:00]} e6 {[%emt 0:01:22]} 3. Nc3 {[%emt 0:00:17]} d5 {[%emt 0:00:25]} 4. d4 {[%emt 0:00:32]} a6 {[%emt 0:00:51]} 5. cxd5 {[%emt 0:01:01]} exd5 {[%emt 0:00:05]} 6. Bg5 {[%emt 0:00:21]} Be6 {[%emt 0:00:49]} 7. e3 {[%emt 0:00:42]} Nbd7 {[%emt 0:00:08]} 8. h3 {[%emt 0:01:15]} Be7 {[%emt 0:05:45]} 9. Bd3 {[%emt 0:04:18]} O-O {[%emt 0:02:12]} 10. O-O {[%emt 0:06:23]} c5 {[%emt 0:01:50]} 11. dxc5 {[%emt 0:03:54]} Nxc5 {[%emt 0:00:13]} 12. Rc1 {[%emt 0:01:22]} Rc8 {[%emt 0:04:19]} 13. Nd4 {[%emt 0:04:24]} Qb6 {[%emt 0:21:21]} 14. Rc2 {[%emt 0:05:27]} Rfe8 {[%emt 0:02:37]} 15. Bf5 {[%emt 0:10:04]} g6 {[%emt 0:19:53]} 16. Bxf6 {[%emt 0:07:37]} Bxf6 {[%emt 0:10:59]} 17. Nxe6 {[%emt 0:02:01]} Bxc3 {[%emt 0:03:28]} 18. Nf4 {[%emt 0:03:00]} gxf5 {[%emt 0:04:09]} 19. Nxd5 {[%emt 0:01:12]} Qe6 {[%emt 0:00:14]} 20. Nxc3 {[%emt 0:02:09]} Ne4 {[%emt 0:03:41]} 21. Nxe4 {[%emt 0:04:11]} Qxe4 {[%emt 0:00:18]} 22. Rxc8 {[%emt 0:04:37]} Rxc8 {[%emt 0:00:01]} 23. Qd7 {[%emt 0:01:08]} Re8 {[%emt 0:03:36]} 24. Rc1 {[%emt 0:01:44]} Re6 {[%emt 0:05:23]} 25. Rc7 {[%emt 0:11:37]} Rf6 {[%emt 0:00:14]} 26. Rxb7 {[%emt 0:02:30]} Qb1+ {[%emt 0:03:59]} 27. Kh2 {[%emt 0:00:02]} Qxa2 {[%emt 0:00:08]} 28. Rb8+ {[%emt 0:02:22]} Kg7 {[%emt 0:00:01]} 29. Qd8 {[%emt 0:00:39]} Qe6 {[%emt 0:01:32]} 30. Qf8+ {[%emt 0:00:25]} Kg6 {[%emt 0:00:12]} 31. f4 {[%emt 0:00:31]} h6 {[%emt 0:02:02]} 32. Re8 {[%emt 0:03:58]} Qd6 {[%emt 0:02:20]} 33. Qg8+ {[%emt 0:00:56]} Kh5 {[%emt 0:00:01]} 34. Re5 {[%emt 0:00:44]} Qd1 {[%emt 0:00:48]} 35. Qg7 {[%emt 0:00:51]} Rg6 {[%emt 0:01:17]} 36. Rxf5+ {[%emt 0:00:24]} Kh4 {[%emt 0:00:08]} 37. g3+ {[%emt 0:00:23]} 1-0

[Event "22nd ETCC Women 2019"]
[Site "Batumi"]
[Date "2019.10.25"]
[Round "2.1"]
[White "Koridze, Lile"]
[Black "Shvayger, Yuliya"]
[Result "0-1"]
[WhiteElo "1988"]
[BlackElo "2336"]
[Annotator "NA"]
[PlyCount "128"]
[EventDate "2019.10.24"]
[EventType "team-tourn"]
[EventCountry "GEO"]
[SourceTitle "playchess.com"]
[Source "ChessBase"]
[SourceQuality "1"]
[WhiteTeam "Georgia"]
[BlackTeam "Israel"]
[WhiteTeamCountry "GEO"]
[BlackTeamCountry "ISR"]
[TimeControl "40/5400+30:1800+30"]

1. d4 {[%emt 0:00:00]} Nf6 {[%emt 0:00:00]} 2. c4 {[%emt 0:00:00]} e6 {[%emt 0:00:00]} 3. g3 {[%emt 0:00:00]} d5 {[%emt 0:00:32]} 4. Bg2 {[%emt 0:00:00]} Be7 {[%emt 0:00:32]} 5. Nf3 {[%emt 0:00:29]} O-O {[%emt 0:00:10]} 6. O-O {[%emt 0:00:06]} dxc4 {[%emt 0:00:24]} 7. Ne5 {[%emt 0:02:31]} Nc6 {[%emt 0:02:42]} 8. Nxc6 {[%emt 0:02:40]} bxc6 {[%emt 0:03:20]} 9. Na3 {[%emt 0:00:25]} Bxa3 {[%emt 0:00:25]} 10. bxa3 {[%emt 0:00:04]} Ba6 {[%emt 0:01:02]} 11. Qd2 {[%emt 0:00:14]} Rb8 {[%emt 0:08:48]} 12. Rd1 {[%emt 0:02:11]} Qd6 {[%emt 0:08:13]} 13. Qa5 {[%emt 0:10:59]} Rb6 {[%emt 0:04:16]} 14. Bd2 {[%emt 0:07:10]} c3 {[%emt 0:18:19]} 15. Bxc3 {[%emt 0:02:20]} Nd5 {[%emt 0:00:26]} 16. Bxd5 {[%emt 0:16:13]} Qxd5 {[%emt 0:00:20]} 17. Qxd5 {[%emt 0:02:04]} cxd5 {[%emt 0:00:12]} 18. Bb4 {[%emt 0:04:19]} Rfb8 {[%emt 0:01:11]} 19. Rd2 {[%emt 0:06:07]} Bc4 {[%emt 0:02:43]} 20. Kg2 {[%emt 0:03:35]} f6 {[%emt 0:00:20]} 21. Rc1 {[%emt 0:02:07]} Kf7 {[%emt 0:02:22]} 22. h4 {[%emt 0:01:57]} Rb5 {[%emt 0:02:04]} 23. Rcc2 {[%emt 0:05:42]} e5 {[%emt 0:05:19]} 24. e3 {[%emt 0:04:48]} Ke6 {[%emt 0:21:22]} 25. Rb2 {[%emt 0:05:05]} e4 {[%emt 0:05:32]} 26. Bc3 {[%emt 0:02:20]} R5b6 {[%emt 0:01:12]} 27. Rb4 {[%emt 0:04:17]} Kf5 {[%emt 0:00:07]} 28. f3 {[%emt 0:01:37]} exf3+ {[%emt 0:00:13]} 29. Kxf3 {[%emt 0:00:04]} h5 {[%emt 0:00:10]} 30. Rdb2 {[%emt 0:04:06]} g5 {[%emt 0:00:35]} 31. a4 {[%emt 0:01:28]} Re8 {[%emt 0:03:59]} 32. Rxb6 {[%emt 0:01:22]} cxb6 {[%emt 0:01:14]} 33. a5 {[%emt 0:00:10]} b5 {[%emt 0:03:41]} 34. a3 {[%emt 0:02:51]} a6 {[%emt 0:00:31]} 35. Bb4 {[%emt 0:00:34]} Bd3 {[%emt 0:00:34]} 36. Rh2 {[%emt 0:00:23]} Be4+ {[%emt 0:00:54]} 37. Kf2 {[%emt 0:00:44]} Kg4 {[%emt 0:00:06]} 38. Bd6 {[%emt 0:00:59]} Rc8 {[%emt 0:00:44]} 39. Bc5 {[%emt 0:00:22]} Rc6 {[%emt 0:00:01]} 40. Be7 {[%emt 0:00:00]} Rc2+ {[%emt 0:00:00]} 41. Kg1 {[%emt 0:03:05]} Rc1+ {[%emt 0:04:00]} 42. Kf2 {[%emt 0:00:13]} Bd3 {[%emt 0:08:53]} 43. Kg2 {[%emt 0:02:05]} Rf1 {[%emt 0:01:34]} 44. Bd6 {[%emt 0:07:57]} Rf3 {[%emt 0:01:49]} 45. hxg5 {[%emt 0:05:52]} fxg5 {[%emt 0:00:16]} 46. Be5 {[%emt 0:00:58]} Rxe3 {[%emt 0:03:08]} 47. Kf2 {[%emt 0:00:52]} Re2+ {[%emt 0:02:25]} 48. Kg1 {[%emt 0:00:26]} Re1+ {[%emt 0:00:01]} 49. Kf2 {[%emt 0:00:15]} Rf1+ {[%emt 0:00:06]} 50. Kg2 {[%emt 0:03:47]} Rf3 {[%emt 0:01:33]} 51. Kg1 {[%emt 0:02:16]} Rf1+ {[%emt 0:00:36]} 52. Kg2 {[%emt 0:00:05]} Ra1 {[%emt 0:00:03]} 53. Bd6 {[%emt 0:01:00]} Be4+ {[%emt 0:00:22]} 54. Kf2 {[%emt 0:00:21]} Rd1 {[%emt 0:00:05]} 55. Ke3 {[%emt 0:03:22]} Rd3+ {[%emt 0:00:05]} 56. Ke2 {[%emt 0:00:03]} Rxd4 {[%emt 0:00:05]} 57. Rf2 {[%emt 0:00:18]} Rc4 58. Rf8 {[%emt 0:00:41]} d4 {[%emt 0:01:33]} 59. Rg8 {[%emt 0:03:32]} Rc2+ {[%emt 0:03:46]} 60. Kd1 {[%emt 0:00:37]} d3 {[%emt 0:00:11]} 61. Bf4 {[%emt 0:03:50]} Bf3+ {[%emt 0:00:05]} 62. Ke1 {[%emt 0:00:03]} Re2+ {[%emt 0:00:19]} 63. Kf1 {[%emt 0:00:05]} Bg2+ {[%emt 0:00:15]} 64. Kg1 {[%emt 0:00:10]} Kf3 {[%emt 0:00:06]} 0-1

[Event "22nd ETCC Women 2019"]
[Site "Batumi"]
[Date "2019.10.25"]
[Round "2.2"]
[White "Khomeriki, Nino"]
[Black "Lagno, Kateryna"]
[Result "1/2-1/2"]
[WhiteElo "2315"]
[BlackElo "2549"]
[Annotator "ChessBase"]
[PlyCount "119"]
[EventDate "2019.10.24"]
[EventType "team-tourn"]
[EventCountry "GEO"]
[SourceTitle "playchess.com"]
[Source "ChessBase"]
[SourceQuality "1"]
[WhiteTeam "Georgia"]
[BlackTeam "Russia"]
[WhiteTeamCountry "GEO"]
[BlackTeamCountry "RUS"]
[TimeControl "40/5400+30:1800+30"]

1. d4 {[%emt 0:00:00]} Nf6 {[%emt 0:00:00]} 2. c4 {[%emt 0:00:00]} g6 {[%emt 0:00:00]} 3. Nf3 {[%emt 0:00:00]} Bg7 {[%emt 0:00:02]} 4. g3 {[%emt 0:00:12]} O-O {[%emt 0:00:27]} 5. Bg2 {[%emt 0:00:42]} d5 {[%emt 0:00:15]} 6. cxd5 {[%emt 0:01:04]} Nxd5 {[%emt 0:00:05]} 7. O-O {[%emt 0:00:44]} Nb6 {[%emt 0:00:26]} 8. Nc3 {[%emt 0:00:31]} Nc6 {[%emt 0:00:36]} 9. e3 {[%emt 0:00:35]} Re8 {[%emt 0:00:22]} 10. Re1 {[%emt 0:00:22]} a5 {[%emt 0:03:51]} 11. Qe2 {[%emt 0:02:17]} e5 {[%emt 0:00:42]} 12. Nxe5 {[%emt 0:03:08]} Nxe5 {[%emt 0:00:29]} 13. dxe5 {[%emt 0:00:06]} Bxe5 {[%emt 0:00:03]} 14. e4 {[%emt 0:00:18]} Be6 {[%emt 0:01:03]} 15. f4 {[%emt 0:02:34]} Bxc3 {[%emt 0:01:25]} 16. bxc3 {[%emt 0:00:07]} Bd5 {[%emt 0:00:18]} 17. Ba3 {[%emt 0:23:11]} Qf6 {[%emt 0:44:32]} 18. Qf2 {[%emt 0:14:05]} Bc6 {[%emt 0:00:12]} 19. Bc5 {[%emt 0:02:44]} Nd7 {[%emt 0:00:27]} 20. Bd4 {[%emt 0:00:15]} Qe7 {[%emt 0:00:03]} 21. Rab1 {[%emt 0:25:13]} b6 {[%emt 0:05:11]} 22. h4 {[%emt 0:01:55]} Nc5 {[%emt 0:06:04]} 23. Bxc5 {[%emt 0:00:56]} Qxc5 {[%emt 0:04:19]} 24. Qxc5 {[%emt 0:00:17]} bxc5 {[%emt 0:00:04]} 25. e5 {[%emt 0:01:23]} Bxg2 {[%emt 0:00:21]} 26. Kxg2 {[%emt 0:00:06]} Red8 {[%emt 0:16:19]} 27. Red1 {[%emt 0:08:00]} Rxd1 {[%emt 0:01:00]} 28. Rxd1 {[%emt 0:00:07]} Rb8 {[%emt 0:00:06]} 29. Kf3 {[%emt 0:05:34]} a4 {[%emt 0:04:32]} 30. g4 {[%emt 0:00:32]} a3 {[%emt 0:02:26]} 31. f5 {[%emt 0:02:52]} h5 {[%emt 0:00:38]} 32. fxg6 {[%emt 0:00:15]} fxg6 {[%emt 0:00:12]} 33. gxh5 {[%emt 0:00:14]} gxh5 {[%emt 0:00:38]} 34. Kf4 {[%emt 0:02:49]} Rb2 {[%emt 0:00:36]} 35. Kf5 {[%emt 0:01:15]} Rxa2 {[%emt 0:00:58]} 36. Rd8+ {[%emt 0:00:57]} Kg7 {[%emt 0:00:14]} 37. Rd7+ {[%emt 0:00:25]} Kh6 {[%emt 0:00:12]} 38. Rxc7 {[%emt 0:02:31]} Rf2+ {[%emt 0:00:26]} 39. Ke4 {[%emt 0:00:37]} a2 {[%emt 0:05:45]} 40. Ra7 {[%emt 0:00:00]} Rc2 {[%emt 0:00:00]} 41. Ra6+ {[%emt 0:06:40]} Kg7 {[%emt 0:02:58]} 42. Kf5 {[%emt 0:06:57]} Rxc3 {[%emt 0:07:38]} 43. Ra7+ {[%emt 0:00:42]} Kh6 {[%emt 0:00:11]} 44. Rxa2 {[%emt 0:00:14]} Rf3+ {[%emt 0:00:55]} 45. Ke4 {[%emt 0:04:29]} Rh3 {[%emt 0:00:37]} 46. e6 {[%emt 0:00:05]} Rxh4+ {[%emt 0:06:23]} 47. Kd5 {[%emt 0:00:17]} Rd4+ {[%emt 0:07:12]} 48. Kxc5 {[%emt 0:00:22]} Re4 {[%emt 0:00:12]} 49. Kd6 {[%emt 0:00:35]} Kg5 {[%emt 0:04:48]} 50. e7 {[%emt 0:05:23]} h4 {[%emt 0:00:25]} 51. Ra3 {[%emt 0:06:34]} Re1 {[%emt 0:00:57]} 52. Rd3 {[%emt 0:00:12]} Kg4 {[%emt 0:01:35]} 53. Rd5 {[%emt 0:01:54]} h3 {[%emt 0:03:51]} 54. Re5 {[%emt 0:00:34]} Rxe5 {[%emt 0:00:05]} 55. Kxe5 {[%emt 0:00:03]} h2 {[%emt 0:00:04]} 56. e8=Q {[%emt 0:00:05]} h1=Q {[%emt 0:00:02]} 57. Qg6+ {[%emt 0:00:05]} Kh3 {[%emt 0:00:03]} 58. Qf5+ {[%emt 0:00:46]} Kh2 {[%emt 0:00:34]} 59. Qh5+ {[%emt 0:00:20]} Kg1 {[%emt 0:00:14]} 60. Qxh1+ 1/2-1/2